NFL Top 100 Players of 2016 - Statistics

General Stats
  • This quiz has been taken 97 times
  • The average score is 63 of 100
Answer Stats
Rank Team Position Answer % Correct
1. Panthers QB Cam Newton
99%
2. Patriots QB Tom Brady
99%
6. Packers QB Aaron Rodgers
97%
4. Steelers WR Antonio Brown
96%
3. Texans DE J.J. Watt
96%
8. Falcons WR Julio Jones
96%
9. Patriots TE Rob Gronkowski
96%
17. Seahawks QB Russell Wilson
96%
48. Patriots DE Chandler Jones
95%
64. Dolphins S Reshad Jones
95%
14. Rams DT Aaron Donald
93%
5. Vikings RB Adrian Peterson
93%
18. Cardinals CB Patrick Peterson
93%
21. Steelers QB Ben Roethlisberger
92%
30. Saints QB Drew Brees
92%
65. Chiefs CB Marcus Peters
92%
10. Giants WR Odell Beckham Jr.
92%
16. Bengals WR A.J. Green
91%
19. Texans WR DeAndre Hopkins
91%
66. Seahawks S Earl Thomas
91%
23. Browns OT Joe Thomas
91%
20. Seahawks CB Richard Sherman
91%
62. Broncos WR Demaryius Thomas
89%
7. Panthers LB Luke Kuechly
89%
15. Broncos LB Von Miller
86%
27. Cardinals WR Larry Fitzgerald
85%
22. Rams RB Todd Gurley
84%
81. Chiefs QB Alex Smith
82%
73. Vikings S Harrison Smith
82%
46. Chargers QB Philip Rivers
82%
83. Jaguars LB Telvin Smith
82%
42. Cowboys OT Tyron Smith
82%
12. Cardinals QB Carson Palmer
81%
47. Giants QB Eli Manning
81%
35. Bengals QB Andy Dalton
77%
11. Panthers CB Josh Norman
77%
32. Seahawks S Kam Chancellor
77%
24. Jets CB Darrelle Revis
76%
13. Raiders DE Khalil Mack
76%
41. Steelers RB Le'Veon Bell
76%
51. Cowboys WR Dez Bryant
70%
56. Jaguars QB Blake Bortles
69%
100. Raiders QB Derek Carr
69%
45. Redskins OT Trent Williams
69%
91. Chiefs TE Travis Kelce
68%
92. Colts QB Andrew Luck
66%
25. Jets WR Brandon Marshall
66%
38. Panthers TE Greg Olsen
66%
87. Patriots WR Julian Edelman
65%
40. Dolphins DT Ndamukong Suh
65%
33. Buccaneers RB Doug Martin
64%
63. Buccaneers DT Gerald McCoy
62%
69. Bills RB LeSean McCoy
62%
99. Saints DE Cameron Jordan
59%
29. Bengals DT Geno Atkins
59%
49. Eagles DT Fletcher Cox
58%
74. Broncos WR Emmanuel Sanders
57%
85. Redskins QB Kirk Cousins
57%
31. Jaguars WR Allen Robinson
55%
57. Packers LB Clay Matthews
55%
50. Falcons RB Devonta Freeman
55%
28. Cardinals S Tyrann Mathieu
55%
34. Broncos CB Aqib Talib
54%
80. Chiefs LB Derrick Johnson
54%
75. Chiefs RB Jamaal Charles
54%
88. Steelers DE Cameron Heyward
53%
72. Seahawks WR Doug Baldwin
53%
53. Buccaneers LB Lavonte David
53%
54. Panthers LB Thomas Davis
53%
52. Broncos CB Chris Harris Jr.
51%
55. Chiefs S Eric Berry
51%
37. Ravens OG Marshal Yanda
51%
77. Redskins TE Jordan Reed
49%
82. Titans TE Delanie Walker
47%
98. Dolphins WR Jarvis Landry
46%
90. Bears RB Matt Forte
46%
26. Chiefs LB Justin Houston
45%
36. Broncos LB DeMarcus Ware
43%
86. Panthers RB Jonathan Stewart
43%
44. Bengals TE Tyler Eifert
42%
89. Jaguars WR Allen Hurns
38%
71. Cardinals DE Calais Campbell
34%
78. Jets RB Chris Ivory
34%
39. Jets DE Muhammad Wilkerson
34%
61. 49ers LB NaVorro Bowman
34%
59. Seahawks DE Michael Bennett
32%
96. Bills WR Sammy Watkins
32%
67. Bengals OT Andrew Whitworth
28%
93. Chiefs WR Jeremy Maclin
27%
84. Chiefs LB Tamba Hali
27%
43. Lions DT Ezekiel Ansah
24%
79. Panthers C Ryan Kalil
24%
68. Broncos S T.J. Ward
22%
70. Bengals DE Carlos Dunlap
20%
94. Browns TE Gary Barnidge
20%
76. Vikings DT Linval Joseph
20%
60. Bengals S Reggie Nelson
18%
97. Bills OG Richie Incognito
16%
58. Panthers DT Kawaan Short
15%
95. Packers DT Mike Daniels
12%
No matching quizzes found
Score Distribution
Percent of People with Each Score
Percentile by Number Answered
Your Score History
You have not taken this quiz